Historisches Museum Basel (Record no. 7287)

MARC details
000 -CABECERA
campo de control de longitud fija 00789nam a2200253 a 4500
001 - NÚMERO DE CONTROL
campo de control BRCA_7613
005 - FECHA Y HORA DE LA ÚLTIMA TRANSACCIÓN
campo de control 20190320205918.0
008 - DATOS DE LONGITUD FIJA--INFORMACIÓN GENERAL
campo de control de longitud fija 060713s1930----sz-a######---#000-0#ger-#
041 ## - CÓDIGO DE LENGUA
Código de lengua del texto/banda sonora o título independiente ger
044 ## - CÓDIGO DEL PAÍS DE LA ENTIDAD EDITORA/PRODUCTORA
Código MARC del país sz
050 #4 - SIGNATURA TOPOGRÁFICA DE LA BIBLIOTECA DEL CONGRESO
Número de clasificación NK7164
Número de documento/Ítem .M35 1930
100 1# - ENTRADA PRINCIPAL--NOMBRE DE PERSONA
Nombre de persona Major, E.
9 (RLIN) 18769
245 10 - MENCIÓN DE TÍTULO
Título Historisches Museum Basel
Resto del título profane goldschmiedearbeiten funfundzwanzig abbildungen Ausgewahlt und Eingeleitet
Mención de responsabilidad, etc. von E. Major.
260 ## - PUBLICACIÓN, DISTRIBUCIÓN, ETC.
Lugar de publicación, distribución, etc. Basel
Nombre del editor, distribuidor, etc. E. Birkhauser
Fecha de publicación, distribución, etc. c1930
300 ## - DESCRIPCIÓN FÍSICA
Extensión 3 p.
Otras características físicas il., 25 láminas
Dimensiones 18 cm.
440 #0 - MENCIÓN DE SERIE/PUNTO DE ACCESO ADICIONAL--TÍTULO
Título Die historisches museum der Schweiz
Designación de volumen o secuencia heft 3
9 (RLIN) 18770
500 ## - NOTA GENERAL
Nota general T17
650 14 - PUNTO DE ACCESO ADICIONAL DE MATERIA--TÉRMINO DE MATERIA
Término de materia o nombre geográfico como elemento de entrada Platería alemana
9 (RLIN) 18771
650 14 - PUNTO DE ACCESO ADICIONAL DE MATERIA--TÉRMINO DE MATERIA
Término de materia o nombre geográfico como elemento de entrada Orfebrería alemana
9 (RLIN) 18772
650 14 - PUNTO DE ACCESO ADICIONAL DE MATERIA--TÉRMINO DE MATERIA
Término de materia o nombre geográfico como elemento de entrada Platería suiza
9 (RLIN) 18773
650 14 - PUNTO DE ACCESO ADICIONAL DE MATERIA--TÉRMINO DE MATERIA
Término de materia o nombre geográfico como elemento de entrada Orfebrería suiza
9 (RLIN) 18774
902 ## - CATALOGADOR
Iniciales GFM
942 ## - ELEMENTOS DE PUNTO DE ACCESO ADICIONAL (KOHA)
Fuente del sistema de clasificación o colocación Library of Congress Classification
Tipo de ítem Koha Libros
Holdings
Estado de retiro Estado de pérdida Estado dañado No para préstamo Localización permanente Ubicación/localización actual Fecha de adquisición Número de inventario Total de préstamos Signatura topográfica completa Código de barras Fecha visto por última vez Precio válido a partir de Tipo de ítem Koha
El ejemplar forma parte de la colección y puede ser consultado según las políticas vigentes.       Biblioteca del Museo Franz Mayer (Rogerio Casas-Alatriste) Biblioteca del Museo Franz Mayer (Rogerio Casas-Alatriste) 04/07/2013 T17   NK7164 .M35 1930 (T17) 8221 22/03/2019 22/03/2019 Libros